Statistics for 新疆县级地名双语对照(北疆东疆)

Click here to take the quiz!

General Stats

  • This quiz has been taken 7 times
  • The average score is 11 of 17

Answer Stats

民族语地名,Xahiri/Rayoni/Nahiyisi汉语地名,
市/区/县
% Correct
Kumul哈密市|伊州区
100%
Piqan|辟展鄯善县
86%
Burultokay|布伦托海福海县
86%
Koktokay|可可托海富蕴县
71%
Guqung|古城奇台县
71%
Tokkuztara|特克斯塔留巩留县
71%
Künas|巩乃斯新源县
71%
Qoqek|楚呼楚塔城市
71%
Dörbiljin|杜尔布勒津
Emil|叶密立
额敏县
71%
Qinggil|青格里青河县
71%
Arixang|阿日相温泉县
57%
Aratürük|阿热吐鲁克伊吾县
57%
Gulja|固尔扎伊宁市|伊宁县
57%
Xihu|西湖乌苏市
57%
Mongolküre|喇嘛昭昭苏县
43%
Qagantokay|察罕托海裕民县
43%
Maytag|玛依塔格独山子区
14%

Score Distribution

Percentile by Number Answered

Percent of People with Each Score

Your Score History

You have not taken this quiz